| 000 | 01399nmc a2200361 a 4500 | ||
|---|---|---|---|
| 003 | AR-BaBNM | ||
| 005 | 20251128203639.0 | ||
| 008 | 237019s1983 ||||||||||||||000 | spa|| | ||
| 040 | _cAR-BaBNM | ||
| 100 | 1 | _aPicón Espinoza, César | |
| 245 | 1 | 0 |
_aEducación de adultos en América Latina _buna visión situacional y estratégica |
| 260 |
_aPátzcuaro _bCREFAL _c1983 |
||
| 300 | 0 | _a443 p. | |
| 490 | 0 |
_aRetablo de papel _vv. 9 |
|
| 500 | 0 | _aCREFAL: Centro Regional de Educación de Adultos y Alfabetización Funcional para América Latina | |
| 500 | 0 | _aPREDE-OEA: Programa Regional de Desarrollo Educativo de la Organización de Estados Americanos | |
| 500 | 0 | _aCIID: Centro Internacional de Investigaciones para el Desarrollo | |
| 500 | 0 | _aFLACSO: Facultad Latinoamericana de Ciencias Sociales | |
| 500 | 0 | _aContiene una síntesis situacional de la educación de adultos | |
| 504 | _aBibliografía: p. 432-443 | ||
| 650 | 4 | _aEDUCACION DE ADULTOS | |
| 650 | 4 | _aALFABETIZACION | |
| 650 | 4 | _aPROGRAMAS DE POSTALFABETIZACION | |
| 650 | 4 | _aDIFERENCIACION CULTURAL | |
| 650 | 4 | _aDIFERENCIACION SOCIAL | |
| 650 | 4 | _aABORIGENES | |
| 651 | 4 | _aAmérica Latina | |
| 653 | 0 | _aINVESTIGACION EDUCATIVA | |
| 710 | 2 |
_aOrganización de Estados Americanos _9OEA |
|
| 710 | 2 |
_aCentro de Cooperación Regional para la Educación de los Adultos _9CREFAL |
|
| 942 | _cBK | ||
| 998 | _cSILVI | ||
| 999 |
_c4310 _d4310 |
||